Walking In The Spirit A Fruitful Life / (Record no. 5340)
[ view plain ]
| 000 -LEADER | |
|---|---|
| fixed length control field | 00516nam a22001817a 4500 |
| 003 - CONTROL NUMBER IDENTIFIER | |
| control field | OSt |
| 005 - DATE AND TIME OF LATEST TRANSACTION | |
| control field | 20190103123513.0 |
| 008 - FIXED-LENGTH DATA ELEMENTS--GENERAL INFORMATION | |
| fixed length control field | 190103b ||||| |||| 00| 0 eng d |
| 020 ## - INTERNATIONAL STANDARD BOOK NUMBER | |
| International Standard Book Number | 0892745029 |
| 040 ## - CATALOGING SOURCE | |
| Transcribing agency | DLC |
| 082 ## - DEWEY DECIMAL CLASSIFICATION NUMBER | |
| Classification number | 242 |
| Item number | D238W |
| 100 ## - MAIN ENTRY--PERSONAL NAME | |
| Personal name | Daugherty, Sharon |
| 245 ## - TITLE STATEMENT | |
| Title | Walking In The Spirit A Fruitful Life / |
| Statement of responsibility, etc. | By Sharon Daugherty. |
| 260 ## - PUBLICATION, DISTRIBUTION, ETC. | |
| Place of publication, distribution, etc. | Oklahioma, USA : |
| Name of publisher, distributor, etc. | Harrison House Publication, |
| Date of publication, distribution, etc. | c1984. |
| 300 ## - PHYSICAL DESCRIPTION | |
| Extent | 118 p.: |
| 650 ## - SUBJECT ADDED ENTRY--TOPICAL TERM | |
| Topical term or geographic name entry element | Spiritual Life |
| General subdivision | Fruitful Life In Christians |
| 942 ## - ADDED ENTRY ELEMENTS (KOHA) | |
| Source of classification or shelving scheme | Dewey Decimal Classification |
| Koha item type | Books |
| Withdrawn status | Lost status | Source of classification or shelving scheme | Damaged status | Not for loan | Collection code | Home library | Current library | Shelving location | Date acquired | Cost, normal purchase price | Total Checkouts | Full call number | Barcode | Date last seen | Price effective from | Koha item type |
|---|---|---|---|---|---|---|---|---|---|---|---|---|---|---|---|---|
| Dewey Decimal Classification | Fiction | Harvest Mission College | Harvest Mission College | General Stacks | 03.01.2019 | 350.00 | 242 D238W | 006093 | 03.01.2019 | 03.01.2019 | Books |
